| 000 | 00456nam a2200145Ia 4500 | ||
|---|---|---|---|
| 008 | 180901s9999 xx 000 0 und d | ||
| 020 | _a9781455773213 | ||
| 100 | _aTempkin,Betty Bates. | ||
| 245 |
_cBetty Bates Tempkin.-- _aSonography scanning : _bprinciples and protocols / |
||
| 250 | _a4th ed | ||
| 260 |
_aUSA : _bElsevier _c2015 |
||
| 300 |
_axxix, 669 pages. _billustrations. |
||
| 500 | _aIncludes index. | ||
| 650 | _aDiagnostic ultrasonic imaging. | ||
| 999 |
_c358465 _d358465 |
||